00711cam a2200229 a 4500001000800000005001700008008004100025010001700066020001500083040001800098041000800116080001500124082001900139100000700158101000800165245006900173504005100242906004500293942001200338999001700350952011400367327719020180306082219.0820122s1982 caua b 001 0 eng  a 82001186  a0805322019 aDLCcDLCdDLC aeng a001.64 CAP00a001.64 CAP2191 a28 aSHK10aComputers and data processing /cH.L. Capron, Brian K. Williams. aIncludes bibliographical references and index. a7bcbccorignewd1eocipf19gy-gencatlg 2ddccBK c44202d44202 00102udc40708PËKGa002b002cPËKGd2018-03-06l0o001.64 CAPp002-3000720r2018-03-06w2018-03-06yBK